000 00539nam a2200169Ia 4500
008 090123s9999 xx 000 0 und d
082 _b459
_a891.463/कानिट
100 _aकानिटकर माधव
245 _aरुप पाहता लोचनी
250 _a0
300 _a138
600 _aकानिटकर माधव
630 _aरुप पाहता लोचनी
700 _aकानिटकर माधव
730 _aरुप पाहता लोचनी
942 _cBOOK
999 _c38547
_d38547